000 00838nam a22002297a 4500
005 20200104041616.0
008 130614b2011 xxu||||| |||| 00| 0 eng d
020 _a970199580675
041 _aeng
082 0 0 _a578.7
_bM213b
100 _aMagurran, Anne E
_953
245 0 0 _aBiological Diversity:
_bfrontiers in measurement and assessment
_cedited by Anne E. Magurran and Brian J. McGill
260 _aOxford ;
_aNew York :
_bOxford University Press,
_cc 2011
300 _axvii, 345 p.:
_bil.;
_c25 cm.
504 _aIncluye referencias bibliográficas (p. 295 - 335) e índice (p. 337 - 345)
600 0 _aBiodiversidad
_992204
600 0 _aBiodiversidad
_xMonitoreo
_960
600 0 _aConservación de la biodiversidad
_956
700 1 _aMagurran, Anne E.,
_d1995 -
_962
700 1 _aMcGill, Brian J.
_963
942 _2ddc
_cCD-ROM
_04
999 _c7307
_d7307